Konverzia Nového závodu v Rudňanoch

Na minha lista:
Detalhes bibliográficos
Autor principal: Hudáková, Kristína (Author)
Outros Autores: Ilkovič, Ján (Thesis advisor)
Formato: Manuscrito Livro
Idioma:eslovaco
Publicado em: 2024
Assuntos:
Acesso em linha:http://is.stuba.sk/zp/portal_zp.pl?podrobnosti=178422
Tags: Adicionar Tag
Sem tags, seja o primeiro a adicionar uma tag!

MARC

LEADER 00000ntm a22000003a 4500
001 stuzp97965
003 SK-STU
005 20240608211435.0
007 ta
008 150427s2015----xo-----f-mn---000-0-slo-d
040 |a STU  |b slo 
041 0 |a slo 
100 1 |a Hudáková, Kristína  |u 054140  |4 aut  |U FAD Fakulta architektúry a dizajnu  |T FAD Ústav konštrukcií v architektúre a inžinierskych stavieb  |X 93695  |U A4140  |Y 395  |7 93695 
242 0 1 |a Conversion of the New Plant in Rudňany  |y eng 
245 1 0 |a Konverzia Nového závodu v Rudňanoch 
260 |c 2024 
650 4 |a Konverzia  |2 slo 
650 4 |a Športové centrum  |2 slo 
650 4 |a Priemyselný závod  |2 slo 
650 4 |a Conversion  |2 eng 
650 4 |a Sports center  |2 eng 
650 4 |a Industrial plant  |2 eng 
700 1 |a Ilkovič, Ján  |u 054140  |k Z1  |4 ths  |U FAD Fakulta architektúry a dizajnu  |T FAD Ústav konštrukcií v architektúre a inžinierskych stavieb  |X 418  |U A4140  |Y 395  |7 A000000418 
856 4 |u http://is.stuba.sk/zp/portal_zp.pl?podrobnosti=178422